|
|
|
|
| LEADER |
01734nam a2200421 i 4500 |
| 001 |
EBC5107270 |
| 003 |
MiAaPQ |
| 005 |
20200520144314.0 |
| 006 |
m o d | |
| 007 |
cr cnu|||||||| |
| 008 |
171118t20162016enka ob 001 0 eng d |
| 020 |
|
|
|z 9781909112643
|
| 020 |
|
|
|a 9781912234042
|q (electronic bk.)
|
| 035 |
|
|
|a (MiAaPQ)EBC5107270
|
| 035 |
|
|
|a (Au-PeEL)EBL5107270
|
| 035 |
|
|
|a (CaPaEBR)ebr11456357
|
| 035 |
|
|
|a (OCoLC)1007926308
|
| 040 |
|
|
|a MiAaPQ
|b eng
|e rda
|e pn
|c MiAaPQ
|d MiAaPQ
|
| 043 |
|
|
|a f------
|
| 050 |
|
4 |
|a HD2741
|b .C668 2016
|
| 082 |
0 |
|
|a 658.40096
|2 23
|
| 245 |
0 |
0 |
|a Contemporary issues in management development in Africa /
|c edited by Kofi A. Osei [and six others].
|
| 264 |
|
1 |
|a London, England :
|b Adonis & Abbey Publishers Ltd,
|c 2016.
|
| 264 |
|
4 |
|c 2016
|
| 300 |
|
|
|a 1 online resource (515 pages) :
|b illustrations
|
| 336 |
|
|
|a text
|2 rdacontent
|
| 337 |
|
|
|a computer
|2 rdamedia
|
| 338 |
|
|
|a online resource
|2 rdacarrier
|
| 504 |
|
|
|a Includes bibliographical references and index.
|
| 588 |
|
|
|a Description based on print version record.
|
| 590 |
|
|
|a Electronic reproduction. Ann Arbor, MI : ProQuest, 2016. Available via World Wide Web. Access may be limited to ProQuest affiliated libraries.
|
| 650 |
|
0 |
|a Corporate governance
|z Africa.
|
| 650 |
|
0 |
|a Economic development
|z Africa.
|
| 655 |
|
4 |
|a Electronic books.
|
| 700 |
1 |
|
|a Osei, Kofi A.,
|e editor.
|
| 776 |
0 |
8 |
|i Print version:
|t Contemporary issues in management development in Africa.
|d London, England : Adonis & Abbey Publishers Ltd, c2016
|h xx, 21-515 pages
|z 9781909112643
|w 2016343250
|
| 797 |
2 |
|
|a ProQuest (Firm)
|
| 856 |
4 |
0 |
|u https://ebookcentral.proquest.com/lib/matrademy/detail.action?docID=5107270
|z Click to View
|